| 000 | 00690nam a2200229 a 4500 | ||
|---|---|---|---|
| 001 | 72104 | ||
| 003 | BD-RjUL | ||
| 005 | 20211209082218.0 | ||
| 008 | 170513s1988 nyua|||| |||| 000 0 eng d | ||
| 020 | _a0070714282 | ||
| 035 | _a(BD-RjUL)72320 | ||
| 040 |
_aBD-RjUL _beng _cBD-RjUL _dBD-RjUL |
||
| 041 | _aeng | ||
| 082 |
_223 _a540 _bBUI 1988 |
||
| 100 | 1 |
_aBuckley, Robert C _9213239 |
|
| 245 | 1 | 0 |
_aInstructor's manual and test bank to accompany Wolfe : _bintroduction to college chemistry / _cRobert C Buckley |
| 250 | _a2nd ed. | ||
| 260 |
_aNew York : _bMcgraw-hill book company, _c1988 |
||
| 300 |
_aiv, 232 p. : _bill. ; _c35 cm. |
||
| 650 |
_aChemistry _9213240 |
||
| 942 |
_2ddc _cBK |
||
| 999 |
_c72104 _d72104 |
||